Soberanía y excepcionalidad : (Record no. 151697)

MARC details
000 -LEADER
fixed length control field nam a22 7a 4500
005 - DATE AND TIME OF LATEST TRANSACTION
control field 20191002125117.0
008 - FIXED-LENGTH DATA ELEMENTS--GENERAL INFORMATION
fixed length control field 191002b mx ||||| |||| 00| 0 spa d
020 ## - INTERNATIONAL STANDARD BOOK NUMBER
International Standard Book Number 9786076282274
050 04 - LIBRARY OF CONGRESS CALL NUMBER
Classification number F1376
Item number F56 2017
100 1# - MAIN ENTRY--PERSONAL NAME
Personal name Flores Escalante, Justo Miguel
245 10 - TITLE STATEMENT
Title Soberanía y excepcionalidad :
Remainder of title la integración de Yucatán al estado mexicano, 1821-1848 /
Statement of responsibility, etc Justo Miguel Flores Escalante
250 ## - EDITION STATEMENT
Edition statement Primera edición
260 ## - PUBLICATION, DISTRIBUTION, ETC. (IMPRINT)
Place of publication, distribution, etc México :
Name of publisher, distributor, etc El Colegio de México,
Date of publication, distribution, etc 2017
300 ## - PHYSICAL DESCRIPTION
Extent 312 páginas :
Other physical details ilustraciones ;
Dimensions 22 cm
490 ## - SERIES STATEMENT
Series statement Centro de Estudios Históricos
504 ## - BIBLIOGRAPHY, ETC. NOTE
Bibliography, etc Bibliografía p- 303-312
651 #7 - SUBJECT ADDED ENTRY--GEOGRAPHIC NAME
Source of heading or term lemb
Geographic name Yucatán
General subdivision Política y gobierno
Chronological subdivision Siglo XIX
651 #7 - SUBJECT ADDED ENTRY--GEOGRAPHIC NAME
Source of heading or term lemb
Geographic name Yucatán
General subdivision Soberanía
651 #7 - SUBJECT ADDED ENTRY--GEOGRAPHIC NAME
Source of heading or term lemb
Geographic name Yucatán
General subdivision Historia
Chronological subdivision Siglo XIX
942 ## - ADDED ENTRY ELEMENTS (KOHA)
Source of classification or shelving scheme Biblioteca del Cogreso de los Estados Unidos
Koha item type Libro
Holdings
Estado de pérdida Fuente de clasificación Estado del daño No para préstamo Ubicación permanente Ubicación actual Apartado o colección Fecha de adquisición Área del conocimiento Clasificación Código de Barras Date last seen Número de copia Costo por reposición Tipo de recurso
  Biblioteca del Cogreso de los Estados Unidos     Biblioteca del Instituto de Investigaciones Históricas Biblioteca del Instituto de Investigaciones Históricas General 02/10/2019 Ciencias Sociales y Administrativas F1376 F56 2017 IIH000029224 02/10/2019 C:1 1.00 Libro